| 000 | 00442nam a22001457a 4500 | ||
|---|---|---|---|
| 020 | _a0521336082 | ||
| 082 |
_a388.4094421 _bFRE _cL-18, P-40 |
||
| 100 |
_aFreeborn, Jhon _938760 |
||
| 245 | _aThe expanding city transport and the growth of london/ | ||
| 260 |
_aLondon: _bGreat britain at the university Press, _cc1987 |
||
| 300 |
_a50p,: _bill,: _c28cm |
||
| 526 |
_a0 _b0 _c0 _d388_409442100000000_FRE |
||
| 650 |
_aMCE _9379 |
||
| 942 |
_2ddc _cBK |
||
| 999 |
_c543408 _d543408 |
||